Transport policy and global warming

Αποθηκεύτηκε σε:
Λεπτομέρειες βιβλιογραφικής εγγραφής
Συγγραφή απο Οργανισμό/Αρχή: European Conference of Ministers of Transport
Μορφή: Βιβλίο
Γλώσσα:English
Δημοσίευση: Paris : European Conference of Ministers of Transport, c1993
Θέματα:
Ετικέτες: Προσθήκη ετικέτας
Δεν υπάρχουν, Καταχωρήστε ετικέτα πρώτοι!

MARC

LEADER 00000nam a2200000 i 4500
001 1/3836
008 960429s1993 i eng d
020 |a 92-82-11188-1 
035 |l 10015362 
040 |a GR-MY-UA  |b gre  |e aacr 
041 0 |a eng 
082 0 |a 363.7 
245 1 0 |a Transport policy and global warming /  |c European Conference of Ministers of Transport 
260 |a Paris :   |b European Conference of Ministers of Transport,   |c c1993 
300 |a 241 p.;  |c 27 cm 
504 |a Includes bibliographical references 
650 0 0 |a Global warming  |x Congresses. 
650 0 0 |a Greenhouse effect, Atmospheric  |x Congresses. 
650 0 0 |a Transportation and state  |x Congresses. 
710 2 |a European Conference of Ministers of Transport. 
852 |a INST  |b LESVOS  |e 19960429  |h 363.7 TRA  |p 005100010471  |q 005100010471  |t BK  |y 0 
909 |a Λ  |b 036748